Das Europa der Europäer : Über die wahrnehmungen eines politischen Raums /

Wurden die Grundeinstellungen europäischer Bürger bisher fast exklusiv durch quantitative Methoden beobachtet und erklärt, so geht die in diesem Buch vorgestellte international vergleichende Studie einen anderen Weg: Das Ziel der von 2006 bis 2009 durchgeführten Erhebungen war es, genauere qualitati...

Full description

Bibliographic Details
Corporate Author: JSTOR (Organization)
Other Authors: Gaxie, Daniel (Editor), Röckenhaus, Kordula (Cover designer)
Format: eBook
Language:German
Published: Bielefeld, Germany : Transcript, 2011.
Series:Kultur und soziale Praxis.
Subjects:
Online Access:Connect to the full text of this electronic book

MARC

Tag First Indicator Second Indicator Subfields
LEADER 00000cam a2200000Mi 4500
001 in00004634721
006 m o d
007 cr cn|||||||||
008 150303t20112011gw ob 000 0 ger d
005 20230103223309.2
035 |a (OCoLC)ocn905916404 
040 |a E7B  |b eng  |e rda  |e pn  |c E7B  |d OCLCO  |d EBLCP  |d YDXCP  |d OCLCF  |d OCLCQ  |d OCLCA  |d DEBSZ  |d OCLCQ  |d OAPEN  |d JSTOR  |d ICN  |d VT2  |d LOA  |d MERER  |d ERL  |d WYU  |d U3W  |d LVT  |d UKKNU  |d C6I  |d TEF  |d OCLCQ  |d OCLCO  |d TXR  |d UAB  |d UPM  |d AU@  |d OCLCO  |d OCLCQ  |d OCLCO  |d OCLCQ  |d OCLCO 
019 |a 900417385  |a 904406653  |a 1076738855 
020 |a 9783839416266  |q (electronic bk.) 
020 |a 3839416264  |q (electronic bk.) 
020 |a 3837616266 
020 |a 9783837616262 
020 |z 9783837616262 
035 |a (OCoLC)905916404  |z (OCoLC)900417385  |z (OCoLC)904406653  |z (OCoLC)1076738855 
037 |a 22573/ctv1dqc74  |b JSTOR 
037 |a 103241  |b Knowledge Unlatched 
043 |a e------ 
050 4 |a DK508.52  |b .E976 2011eb 
072 7 |a JHB  |2 bicssc 
082 0 4 |a 303.38094  |2 23 
049 |a TXAM 
245 0 4 |a Das Europa der Europäer :  |b Über die wahrnehmungen eines politischen Raums /  |c Daniel Gaxie [and three others], hg ; Umschlaggestaltung, Kordula Röckenhaus ; Lektorat & Satz, Estelle Czerny und Jay Rowell. 
264 1 |a Bielefeld, Germany :  |b Transcript,  |c 2011. 
264 4 |c ©2011 
300 |a 1 online resource (344 pages) 
336 |a text  |b txt  |2 rdacontent 
337 |a computer  |b c  |2 rdamedia 
338 |a online resource  |b cr  |2 rdacarrier 
490 1 |a Kultur und soziale Praxis 
500 |a "Aus dem Französischen von Frank Weigand und Markuz Merz." 
504 |a Includes bibliographical references. 
588 0 |a Online resource; title from PDF title page (ebrary, viewed March 2, 2015). 
505 0 |a Cover Das Europa der Europäer; Inhalt; Einleitung; Erster Teil: Methoden; Forschungsbefunde und Forschungslücken. Die Grundeinstellungen der Bürger zu "Europa"; Methodologische Fragen; Zweiter Teil: Grundeinstellungen; Typen der Grundeinstellung zu Europa; Deutsche Besonderheiten; Italienische Besonderheiten; Polnische Besonderheiten; Weder für noch gegen Europa. Ambivalente Einstellungen und Argumentationsvielfalt; Gibt es einen nationalen Effekt? Zeitlichkeiten und historische Erfahrungen bei den Grundeinstellungen zu Europa; Dritter Teil: Ressourcen. 
505 8 |a Europäische Redeweisen. Profane Ressourcen und Techniken zur Einnahme eines Standpunkts zu EuropaGibt es eine spezifische Europa-Kompetenz?; Zersplittertes Europa. Informationsmittel, Informationselemente und Informiertheit; Vierter Teil: Standpunkte; Europäische Welten. Vielgestaltige Aneignungen eines Institutionalisierungsprozesses; Die populären Milieus. Wie "silent citizens" Europa beurteilen; Wenn Europa mobilisiert ... ; Schlussbemerkung; Literatur. 
520 |a Wurden die Grundeinstellungen europäischer Bürger bisher fast exklusiv durch quantitative Methoden beobachtet und erklärt, so geht die in diesem Buch vorgestellte international vergleichende Studie einen anderen Weg: Das Ziel der von 2006 bis 2009 durchgeführten Erhebungen war es, genauere qualitative Untersuchungstechniken einzusetzen, um so die Komplexität und Vielfalt der Wahrnehmungen und Reaktionen der "Normalbürger" besser wiederzugeben. Ein wichtiger Beitrag zur Vielfalt der Einstellungen zu Europa und zur Erklärung der allgemeinen Distanz der meisten Bürger in Bezug auf die EU. Rezen. 
542 1 |f This work is licensed under a Creative Commons license  |u https://creativecommons.org/licenses/by-nc-nd/4.0/legalcode 
542 1 |f This work is licensed by Knowledge Unlatched under a Creative Commons license  |u https://creativecommons.org/licenses/by-nc-nd/4.0/legalcode 
610 2 0 |a European Union. 
610 2 7 |a European Union.  |2 fast  |0 (OCoLC)fst00916630 
650 0 |a Public opinion  |z Europe. 
650 6 |a Opinion publique  |z Europe. 
650 7 |a Society and social sciences Society and social sciences.  |2 bicssc 
650 7 |a Sociology and anthropology.  |2 bicssc 
650 7 |a Sociology.  |2 bicssc 
650 7 |a Political Science.  |2 bisacsh 
650 7 |a Public opinion.  |2 fast  |0 (OCoLC)fst01082785 
651 7 |a Europe.  |2 fast  |0 (OCoLC)fst01245064 
655 7 |a Electronic books.  |2 local 
700 1 |a Gaxie, Daniel,  |e editor. 
700 1 |a Röckenhaus, Kordula,  |e cover designer. 
700 1 |a Czerny, Estelle,  |e proofreader. 
700 1 |a Rowell, Jay,  |e proofreader. 
710 2 |a JSTOR (Organization) 
776 0 8 |i Print version:  |t Europa der Europäer : Über die wahrnehmungen eines politischen Raums.  |d Bielefeld, Germany : transcript, ©2011  |h 340 pages  |k Kultur und soziale Praxis.  |z 9783837616262 
830 0 |a Kultur und soziale Praxis. 
856 4 0 |u https://www.jstor.org/stable/10.2307/j.ctv1fxj1b  |z Connect to the full text of this electronic book  |t 0 
955 |a JSTOR Open Access ebooks 
994 |a 92  |b TXA 
999 f f |s de865180-b414-418b-83fc-4de537d44241  |i ee8e2160-b1a3-43dc-8336-60232ac995be  |t 0 
952 f f |a Texas A&M University  |b College Station  |c Electronic Resources  |d Available Online  |t 0  |e DK508.52 .E976 2011eb  |h Library of Congress classification 
998 f f |a DK508.52 .E976 2011eb  |t 0  |l Available Online